| 000 | 02429cam a2200289 4500500 | ||
|---|---|---|---|
| 005 | 20260111113135.0 | ||
| 041 | _afre | ||
| 042 | _adc | ||
| 100 | 1 | 0 |
_aRenault, Sophie _eauthor |
| 245 | 0 | 0 | _aLe crowdsourcing au service de la collecte d’informations marketing : le cas Clic and Walk |
| 260 | _c2016. | ||
| 500 | _a79 | ||
| 520 | _aLe déploiement des Technologies de l’Innovation et de la Communication (TIC) permet aux organisations d’avoir recours à un fournisseur singulier : la foule. Il est alors question de crowdsourcing pour qualifier cette forme d’externalisation. En matière de crowdsourcing tous les individus parmi la foule sont susceptibles d’apporter leurs ressources et compétences afin de générer de la valeur pour une organisation. Tandis que la contribution de la foule s’exerce dans de nombreux registres, notre recherche s’intéresse plus spécifiquement à la mobilisation de la foule dans un processus de collecte d’informations marketing. Dans une perspective qualitative, fondée sur l’étude de cas Clic and Walk, nous analysons les caractéristiques et les enjeux associés à cette modalité de crowdsourcing.Codes JEL : O32 | ||
| 520 | _aThe omnipresence of Information and Communications Technology (ICT) offers the possibility for organizations to have recourse to a particular supplier: the crowd. This is called crowdsourcing. It consists in outsourcing tasks to a large network of Internet users. With crowdsourcing, everyone from the crowd may offer their skills and resources to generate value for an organization. While the contribution of the crowd can be used in many ways, our research focuses specifically on the mobilization of the crowd in a marketing information gathering process. From a qualitative perspective, based on the case study of Clic and Walk, we analyze the characteristics and issues associated with this form of crowdsourcing.JEL Codes: O32 | ||
| 690 | _acollecte d’informations | ||
| 690 | _acrowdmarketing | ||
| 690 | _acrowdsourcing | ||
| 690 | _aexternalisation | ||
| 690 | _amarketing | ||
| 690 | _acrowdmarketing | ||
| 690 | _acrowdsourcing | ||
| 690 | _ainformation gathering | ||
| 690 | _amarketing | ||
| 690 | _aoutsourcing | ||
| 786 | 0 | _nInnovations | 50 | 2 | 2016-05-10 | p. 163-189 | 1267-4982 | |
| 856 | 4 | 1 | _uhttps://shs.cairn.info/revue-innovations-2016-2-page-163?lang=fr&redirect-ssocas=7080 |
| 999 |
_c1632488 _d1632488 |
||